| 000 | 00980cam a2200253 i 4500 | ||
|---|---|---|---|
| 003 | SA-RiAUC | ||
| 005 | 20250829150836.0 | ||
| 008 | 250827s1984 su g 00000 ara c | ||
| 040 |
_aSA-RiAUC _bara _cSA-RiAUC _erda |
||
| 082 | 0 | 4 | _a241 |
| 090 |
_a241 _bس ع ر |
||
| 100 | 1 |
_aالشعراوي، محمد متولي، _d1911-1998 _eمؤلف. |
|
| 245 | 1 | 0 |
_aالله سبحانه وإنكار الكافرين دليل وجوده : _bمختارات / _cمحمد متولي الشعراوي. |
| 250 | _aالطبعة الأولى. | ||
| 264 | 1 |
_aجدة : _bدار القبلة للثقافة الإسلامية، _c1984 |
|
| 300 |
_a86 صفحة ؛ _c20 سم. |
||
| 336 |
_aنص _btxt _2rdacontent _3كتاب |
||
| 337 |
_aبدون وسيط _bn _2rdamedia |
||
| 338 |
_aمجلد _bnc _2rdacarrier |
||
| 440 | 2 | _aالعلم والمعرفة للشباب | |
| 650 | 7 |
_aالأسماء الحسنى _2aucsh |
|
| 942 |
_2ddc _cBOOK _n0 |
||
| 949 |
_aSA-JeALM _d250827 _umohamedma123 _n1 |
||
| 999 |
_c11281 _d11281 |
||